| 000 | 00598nam a22002172 4500 | ||
|---|---|---|---|
| 001 | 0000000533 | ||
| 005 | 20151217151750.0 | ||
| 008 | 070207s xx 000 0 eng d | ||
| 020 |
_a1857039130 : _cKES 1,197 |
||
| 040 |
_aKABU _cKABU |
||
| 050 | 0 |
_aE158 _b.M55 2004 |
|
| 100 | 1 |
_aMills, Steve. _@0000148752 |
|
| 245 | 1 | 0 | _aLiving and working in America. |
| 250 | _a6th ed. | ||
| 260 |
_aOxford : _bHow To Books, _c2004. |
||
| 300 | _a318 p. | ||
| 651 | 0 |
_aUnited States _vGuidebooks. _@0000148753 |
|
| 908 | _a070207 | ||
| 950 | _@1 | ||
| 999 |
_c4798 _d4798 |
||